000 01503nam a2200349 c 4500
999 _c159200
_d159200
003 BLK
005 20230329030254.0
008 180410b bul|||||r ||||||| ||bul||
010 _aKNG00166269000
040 _aBLK
041 _aBUL
_cBUL
080 _aБългарска литература
_b821.163.2
_x-93-34
_z821.163.2-93-34
139 _aДядо, баба, внуче
_bД 99
245 1 0 _aДядо, баба, внуче
_bНар. приказки
_cподб. и ред. Елена Огнянова; предг. от Николай Александров Хайтов; худож. Мана Парпулова.
250 _a3. изд.
257 _aBGR
260 _aСофия
_bБълг. писател
_c1984
_fСофия : ДП Балкан
300 _a148 с.
_bс цв. ил.
_c21 см
380 _aDX
500 _a1. изд. 1971. - Офс. изд. - 145 133 тир.
653 _aприказки
653 _aдетска литература
653 _aлитература за деца
700 1 _aОгнянова, Елена
_eподб. и ред.
_gБоянова, Елена Огнянова
_9371125
700 1 _aПарпулова, Мана
_eхудож.
_9376686
852 _aЦб 119980
_bЦб
856 4 _qpdf
856 4 _qpdf
942 _cKNG
_n0
_02
_s1
944 _aCR
_c17.10.2014
_lф / 17.10.2014
_kЕлица_Владова
944 _aED
_c2022-05-19
_l2022-05-19
_kСТ
999 _d159200